000
00495nam a2200145Ia 4500
008
100122s9999 xx 000 0 und d
082
_b
49936
_a
920
100
_a
मुधोळकर रमेश
245
_a
सातासमुद्रापलीकडे
260
_b
पृथ्वी प्रकाशन
_c
1994
300
_a
79
630
_a
सातासमुद्रापलीकडे
730
_a
सातासमुद्रापलीकडे
942
_c
BOOK
999
_c
427743
_d
427740